书目信息 |
| 题名: |
英文写作课
|
|
| 作者: | 德夫林 著 ;税珍珍 译 | |
| 分册: | ||
| 出版信息: | 哈尔滨 黑龙江美术出版社 2020.01 |
|
| 页数: | 311页 | |
| 开本: | 24cm | |
| 丛书名: | ||
| 单 册: | ||
| 中图分类: | H315 | |
| 科图分类: | ||
| 主题词: | 英语--ying yu--写作--教材 | |
| 电子资源: | ||
| ISBN: | 978-7-5593-5408-2 | |
| 000 | 01252nam0 2200289 450 | |
| 001 | 202020139269 | |
| 005 | 20200926181346.0 | |
| 010 | @a978-7-5593-5408-2@dCNY58.00 | |
| 100 | @a20200916d2020 em y0chiy50 ea | |
| 101 | 1 | @achi@aeng@ceng |
| 102 | @aCN@b230000 | |
| 105 | @ay z 000yy | |
| 106 | @ar | |
| 200 | 1 | @a英文写作课@Aying wen xie zuo ke@e如何读, 如何写?@d= How to speak and write correctly@f(爱尔兰) 约瑟夫·德夫林著@g税珍珍译@zeng |
| 210 | @a哈尔滨@c黑龙江美术出版社@d2020.01 | |
| 215 | @a311页@d24cm | |
| 300 | @a中英文双语对照 | |
| 314 | @a约瑟夫·德夫林, 爱尔兰记者, 民族主义政治家。税珍珍, 湖南大学MTI硕士 (英语口译方向), 两年以上字幕翻译、校对经验。 | |
| 330 | @a本书不仅介绍了英语表达与写作的基础语法, 还系统地归纳了应当注意的措辞、修辞、俚语、正确格式, 以及书信写作、行文风格和投稿等具体应用案例。内容包括: 说话的要求: 词汇 词类 必要条件 ; 英语语法基础: 语法构成 定义 词源学等。 | |
| 500 | 10 | @aHow to speak and write correctly@mChinese |
| 517 | 1 | @a如何读, 如何写?@Aru he du , ru he xie ? |
| 606 | 0 | @a英语@Aying yu@x写作@j教材 |
| 690 | @aH315@v5 | |
| 701 | 1 | @a德夫林@Ade fu lin@g(Devlin, Joseph)@4著 |
| 702 | 0 | @a税珍珍@Ashui zhen zhen@4译 |
| 801 | 0 | @aCN@c20191118 |
| 905 | @a河南城建学院图书馆@dH315@eD203 | |
| 英文写作课:如何读, 如何写?= How to speak and write correctly/(爱尔兰) 约瑟夫·德夫林著/税珍珍译.-哈尔滨:黑龙江美术出版社,2020.01 |
| 311页;24cm |
| 中英文双语对照 |
| ISBN 978-7-5593-5408-2:CNY58.00 |
| 本书不仅介绍了英语表达与写作的基础语法, 还系统地归纳了应当注意的措辞、修辞、俚语、正确格式, 以及书信写作、行文风格和投稿等具体应用案例。内容包括: 说话的要求: 词汇 词类 必要条件 ; 英语语法基础: 语法构成 定义 词源学等。 |
| ● |
| 相关链接 |
|
|
|
正题名:英文写作课
索取号:H315/D203
 
预约/预借
| 序号 | 登录号 | 条形码 | 馆藏地/架位号 | 状态 | 备注 |
| 1 | 1488841 | 214888415 | 语言库209/209语言库 6排1列1层/ [索取号:H315/D203] | 在馆 | |
| 2 | 1488842 | 214888424 | 语言库209/209语言库 6排1列1层/ [索取号:H315/D203] | 在馆 | |
| 3 | 1488843 | 214888433 | 语言库209/209语言库 6排1列1层/ [索取号:H315/D203] | 在馆 |